Generalized inverse of matrices and its applications /
Guardado en:
| Autor Principal: | |
|---|---|
| Otros Autores: | |
| Formato: | Libro |
| Idioma: | English |
| Publicado: |
New York :
Wiley,
[1971]
|
| Series: | Wiley series in probability and mathematical statistics
|
| Materias: | |
| Etiquetas: |
Agregar Etiqueta
Sin Etiquetas, Sea el primero en etiquetar este registro!
|
| LEADER | 00792cam a2200229 a 4500 | ||
|---|---|---|---|
| 001 | MAT.inmabb005792 | ||
| 008 | 711123s1971####nyu######b####001#0#eng## | ||
| 005 | 20110830144245.0 | ||
| 245 | 1 | 0 | |a Generalized inverse of matrices and its applications / |c [by] C. Radhakrishna Rao [and] Sujit Kumar Mitra. |
| 260 | |a New York : |b Wiley, |c [1971] | ||
| 300 | |a xiv, 240 p. ; |c 24 cm. | ||
| 440 | 0 | |a Wiley series in probability and mathematical statistics | |
| 504 | |a Bibliografía: p. 219-233. | ||
| 510 | 4 | |a MR, |c 49 #2780 | |
| 020 | |a 0471708216 | ||
| 100 | 1 | |a Rao, C. Radhakrishna |q (Calyampudi Radhakrishna), |d 1920- | |
| 700 | 1 | |a Mitra, Sujit Kumar. | |
| 650 | 0 | |a Matrices. | |
| 084 | |a 15A09 |2 msc2000 | ||
| 010 | |a 74158528 | ||
| 040 | |a DLC |c DLC |d ICU |d DLC | ||
| 859 | |h 15 |i R2155 |p A-4235 |b BIB. MATEMATICA | ||
